MARC

LEADER 00000nas a2200000 a 4500
001 ssj0058797
003 WaSeSS
005 20200512172242.0
006 m d
007 cr n
008 830422d19831998ne qx p s 0 a0eng c
010 |a  83643495  
016 7 |a 012417612  |2 Uk 
022 |l 0169-1821  |y 0169-1821 
035 |a (WaSeSS)ssj0058797 
040 |a ARL  |b eng  |c ARL  |d DLC  |d NST  |d DLC  |d NST  |d AIP  |d HUL  |d NST  |d HUL  |d NST  |d NSD  |d WAU  |d OCLCQ  |d NYDWH  |d OCLCQ  |d UKMGB  |d OCLCF  |d OCLCO  |d OCLCQ  |d OCLCO  |d OCLCA  |d OCLCQ  |d OCLCO  |d WaSeSS 
042 |a pcc  |a nsdp 
043 |a e------  |a n------ 
050 0 0 |a UA646  |b .F5 
082 0 |a 355/.03304  |2 19 
210 0 |a NATO's sixt. nations 
222 0 |a NATO's sixteen nations 
245 0 0 |a NATO's sixteen nations  |h [electronic resource]. 
246 1 3 |a NATO's sixteen nations & partners for peace  |f <1997>-1998 
246 3 |a NATO's sixteen nations and partners for peace 
260 |a [Amsterdam] :  |b [J. Perel Pub.],  |c [1983-1998.] 
310 |a 4 no. a year,  |b <1994>-1998 
321 |a Eight no. a year,  |b 1983- 
362 0 |a Vol. 28, no. 1 (Feb./Mar. 1983)-1998, special issue 2. 
500 |a Title from cover. 
506 |a License restrictions may limit access. 
515 |a Some issues for <1995-> called "special issue" have vol. numbering but lack issue numbering or have year and issue no. but lack vol. numbering. 
515 |a Issues for 1998 lack issue numbering, but are all called "special issue", "special edition", or "special supplement." 
610 2 0 |a North Atlantic Treaty Organization  |v Periodicals. 
610 2 7 |a North Atlantic Treaty Organization.  |2 fast  |0 (OCoLC)fst00529467 
650 7 |a Military readiness.  |2 fast  |0 (OCoLC)fst01021419 
650 7 |a INTERNATIONAL ECONOMIC RELATIONS.  |2 unbist 
650 7 |a INTERNATIONAL RELATIONS.  |2 unbist 
650 7 |a INTERNATIONAL SECURITY.  |2 unbist 
651 0 |a Europe  |x Defenses  |v Periodicals. 
651 7 |a Europe.  |2 fast  |0 (OCoLC)fst01245064 
655 0 |a Electronic journals. 
710 2 |a North Atlantic Treaty Organization. 
780 0 0 |t NATO's fifteen nations  |x 0027-6065  |w (DLC) 83643495  |w (OCoLC)7809938 
785 0 0 |t NATO's nations and partners for peace  |w (DLC)sn 99047338  |w (OCoLC)41881876 
850 |a CaAEU  |a CaNBFU  |a CaNSHD  |a CaOLU  |a CoU  |a DLC  |a ICarbS  |a IU  |a IaAS  |a IaU  |a LU  |a MH  |a MH-SI  |a MdU  |a NN  |a NNC  |a NcRS  |a NcU  |a NjP  |a RPB  |a TU  |a TxU  |a WaU 
856 4 0 |z Full text available from Research Library: 01/01/1997 to 1998  |u https://search.proquest.com/publication/37174